MARC

LEADER 00000nam0a2200000 4500
001 112609
005 20231031121510.0
035 |a (RuTPU)RU\TPU\book\121763 
090 |a 112609 
100 |a 20070330d1963 km y0rusy50 ca 
101 0 |a rus  |a ger 
102 |a RU 
105 |a a z 001zy 
200 1 |a Исторический синтаксис немецкого языка  |f В. Г. Адмони 
210 |a Москва  |c Высшая школа  |d 1963 
215 |a 336 с.  |c ил. 
320 |a Библиогр.: с. 325-332. 
610 1 |a немецкий язык 
610 1 |a синтаксис 
610 1 |a этапы 
610 1 |a предложения 
610 1 |a подчинительные словосочетания 
610 1 |a структура 
610 1 |a развитие 
675 |a 43-2  |v 3 
700 1 |a Адмони  |b В. Г.  |g Владимир Григорьевич 
801 1 |a RU  |b 63413507  |c 20070330  |g PSBO 
801 2 |a RU  |b 63413507  |c 20161025  |g PSBO 
942 |c BK